Music Quiz

Random Music or Musical Quiz

Broadway and Off-Broadway Lyrics Quiz Stats

 Plays Quiz not verified by Sporcle

Challenge
Share
Tweet
Embed
Score 0/15 Timer 06:00
0 Plays Today
Lyrics Musical % Correct
Well, someone's got to clean them up, my friends. Before the little harvest disappears into the mud. Someone's got to collect their odds and ends, when the gutters run with blood.Les Miserables
65.6%
I know you're thinking, what a crazy dingaling! But I really couldn't sing, I could never really sing, what I couldn't do was sing!A Chorus Line
64.5%
Magic foot, take me to the final round! Magic foot, I barely lift it off the ground.The 25th Annual Putnam County Spelling Bee
61.3%
Foolishness...he had this wife, ya see. Pretty little thing, silly little nit. Had her chance for the moon on a string... Poor thing!Sweeney Todd
60.2%
Then we got bigger, that was the trigger, like the Huns invading Rome. Welcome to my school, this ain't no high school: This is the Thunderdome.Heathers the Musical
53.8%
He says, time for bed now child. Mom just smiles that smile. Just like she never saw me, just like she never saw me.Spring Awakening
52.7%
I wanted magic shows and miracles, mirages to touch. I wanted such little things in life, I wanted so much.Pippin
46.2%
Now, do it now! While he's gassing himself to a palpable stupor, the timing's ideal and the moment is super...Little Shop of Horrors
45.2%
Lyrics Musical % Correct
We can build, a beautiful city. Not a city of angels, but finally a city of men.Godspell
39.8%
With a lust for saving water, man leaves daughter up for dead! Play it on your Stradivari, he's not sorry, not a shred!Urinetown
38.7%
And it's cool and the ointment's sweet, for the fire in your head and feet. Close your eyes.Jesus Christ Superstar
28%
Let's face it, you worked so hard and now you're scarred, and free of any hope. I guess you should mope.13
21.5%
A girl who reads the classics and the sonnets, who needs no Folderol to fill her cup! A girl who's wise a bit beyond her bonnets.A Gentleman's Guide to Love and Murder
18.3%
Acting is the hardest profession in the world, hard work! The hardest profession in the world...Fame the Musical
17.2%
From this day forward, nights don't seem so black, from this day forward we will never look back. In whatever time we have, we will make the most of timeChildren of Eden
15.1%

You're not logged in!

Compare scores with friends on all Sporcle quizzes.
OR
Log In

You Might Also Like...

Show Comments

Extras

Top Quizzes Today


Score Distribution

Your Account Isn't Verified!

In order to create a playlist on Sporcle, you need to verify the email address you used during registration. Go to your Sporcle Settings to finish the process.

Report this User

Report this user for behavior that violates our Community Guidelines.

Details: